[Event "DSOL 01 Liga Gr-A 1st"]
[Site "Playchess.com INT"]
[Date "2020.08.06"]
[Round "7.4"]
[White "Colbow, Collin"]
[Black "Seidenstuecker, Hans Lennart"]
[Result "0-1"]
[WhiteElo "2189"]
[BlackElo "1620"]
[PlyCount "136"]
[EventDate "2020.06.22"]
[EventType "team-tourn (rapid)"]
[EventCountry "GER"]
[SourceTitle "EXT 2021"]
[Source "ChessBase"]
[SourceDate "2020.10.23"]
[SourceVersion "1"]
[SourceVersionDate "2020.10.23"]
[SourceQuality "1"]
[WhiteTeam "Werder Bremen"]
[BlackTeam "Rinteln"]
[WhiteTeamCountry "GER"]
[BlackTeamCountry "GER"]

1. g3 c5 2. Bg2 Nc6 3. e4 g6 4. d3 Bg7 5. f4 e6 6. Nf3 Nge7 7. c3 d6 8. 0-0 0-0 9. Be3 b5 10. Nbd2 b4 11. Qc2 Rb8 12. Rfe1 Qc7 13. d4 bxc3 14. bxc3 cxd4 15. cxd4 Ba6 16. Rac1 Rfc8 17. Nb3 Qd7 18. Qd2 Nb4 19. Rxc8+ Qxc8 20. Rc1 Qd7 21. e5 Ned5 22. exd6 Qxd6 23. Nc5 Nxe3 24. Qxe3 Nxa2 25. Ra1 Rb2 26. Nxa6 Qxa6 27. Kh1 Qe2 28. Qxe2 Rxe2 29. Kg1 a5 30. Bf1 Rc2 31. Bb5 Kf8 32. Kf1 Ke7 33. Ke1 Kd6 34. Bd3 Rc1+ 35. Rxc1 Nxc1 36. Bc4 a4 37. Kd2 Nb3+ 38. Bxb3 axb3 39. Kc3 Kd5 40. Kxb3 Bxd4 41. Kc2 f6 42. Kd3 Bf2 43. Nd2 f5 44. Nf3 h6 45. Ke2 Bd4 46. Kd3 Bf6 47. Ke3 g5 48. h3 g4 49. hxg4 fxg4 50. Nd2 h5 51. Ne4 Bg7 52. Kd3 Bd4 53. Ng5 h4 54. gxh4 g3 55. Nf3 g2 56. Ke2 g1Q 57. Nxg1 Bxg1 58. Kf3 Bd4 59. h5 Bg7 60. Kg4 Bf6 61. h6 Ke4 62. h7 Bb2 63. Kg5 Bh8 64. Kg4 Bf6 65. Kg3 Kf5 66. Kf3 Kg6 67. Ke4 Kxh7 68. f5 e5 0-1

[Event "Niedersachsen-ch op-B"]
[Site "Verden an der Aller"]
[Date "2020.01.04"]
[Round "6"]
[White "Lehmkuhl, Stefan"]
[Black "Seidenstuecker, Hans Lennart"]
[Result "1-0"]
[WhiteElo "1855"]
[BlackElo "1714"]
[PlyCount "41"]
[EventDate "2020.01.02"]
[EventType "swiss"]
[EventRounds "7"]
[EventCountry "GER"]
[SourceTitle "EXT 2023"]
[Source "ChessBase"]
[SourceDate "2022.10.05"]
[SourceVersion "1"]
[SourceVersionDate "2022.10.05"]
[SourceQuality "1"]

1. d4 Nf6 2. Nc3 e6 3. e4 c5 4. Be3 Qb6 5. Qd2 Nc6 6. Nf3 cxd4 7. Nxd4 Bb4 8. f3 d5 9. Nxe6 Bxc3 10. Qxc3 Qb4 11. Nc7+ Kd7 12. Nxa8 d4 13. 0-0-0 Nd5 14. Qxb4 Ndxb4 15. Bxd4 Ke7 16. Bc5+ Kf6 17. Bc4 Be6 18. Bxe6 fxe6 19. Bxb4 Nxb4 20. a3 Na6 21. Rd7 1-0

[Event "Hannover Bezirks-ch A"]
[Site "Lehrte"]
[Date "2019.10.03"]
[Round "2.8"]
[White "Kiesel, Lucas"]
[Black "Seidenstuecker, Hans Lennart"]
[Result "1-0"]
[WhiteElo "1993"]
[BlackElo "1843"]
[PlyCount "89"]
[EventDate "2019.10.03"]
[EventType "swiss"]
[EventRounds "7"]
[EventCountry "GER"]
[SourceTitle "EXT 2023"]
[Source "ChessBase"]
[SourceDate "2022.10.05"]
[SourceVersion "1"]
[SourceVersionDate "2022.10.05"]
[SourceQuality "1"]

1. d4 Nf6 2. Nf3 e6 3. c4 b6 4. Nc3 Bb4 5. g3 Bb7 6. Bg2 0-0 7. 0-0 c5 8. Bd2 cxd4 9. Nb5 Be7 10. Nbxd4 Nc6 11. Nb3 d5 12. cxd5 Nxd5 13. Rc1 Bf6 14. Qc2 Rc8 15. Qb1 Qe7 16. a3 b5 17. Nc5 Nd4 18. Nxd4 Rxc5 19. Nb3 Rxc1 20. Rxc1 Rc8 21. Rxc8+ Bxc8 22. e4 Nb6 23. Qc2 Qe8 24. Bc3 Bxc3 25. Qxc3 Nc4 26. Bf1 Qc6 27. Nd2 Bb7 28. Nxc4 bxc4 29. f3 Ba6 30. Kg2 Bb5 31. Qd4 Qb6 32. Qxb6 axb6 33. Kf2 Kf8 34. Ke3 Ba6 35. a4 Ke7 36. b3 Kd6 37. Bxc4 Bc8 38. b4 Kc6 39. Kd4 f6 40. f4 Bb7 41. Bxe6 Kd6 42. Bd5 Ba6 43. e5+ fxe5+ 44. fxe5+ Ke7 45. a5 1-0

[Event "Hannover Bezirk-ch B"]
[Site "Hannover"]
[Date "2018.10.04"]
[Round "1.3"]
[White "Frese, Immo"]
[Black "Seidenstuecker, Hans Lennart"]
[Result "0-1"]
[WhiteElo "1766"]
[BlackElo "1720"]
[PlyCount "56"]
[EventDate "2018.10.04"]
[EventType "swiss"]
[EventRounds "7"]
[EventCountry "GER"]
[SourceTitle "EXT 2022"]
[Source "ChessBase"]
[SourceDate "2021.10.06"]
[SourceVersion "1"]
[SourceVersionDate "2021.10.06"]
[SourceQuality "1"]

1. d4 Nf6 2. c4 c5 3. Nf3 g6 4. Nc3 Bg7 5. g3 cxd4 6. Nxd4 Nc6 7. Bg2 Nxd4 8. Qxd4 0-0 9. 0-0 d6 10. e4 Nd7 11. Qd2 a5 12. Re1 Nc5 13. Qe2 Be6 14. Nd5 Re8 15. Be3 Bxd5 16. exd5 a4 17. Qd2 a3 18. Bd4 Bxd4 19. Qxd4 axb2 20. Rab1 Rxa2 21. Re2 Na4 22. c5 dxc5 23. Qd2 c4 24. Qb4 c3 25. Qb3 Ra1 26. Ree1 Rxb1 27. Rxb1 Qc8 28. Be4 Nc5 0-1

[Event "Lueneburg NSV rapid op"]
[Site "Lueneburg"]
[Date "2018.07.14"]
[Round "8"]
[White "Bach, Matthias"]
[Black "Seidenstuecker, Hans Lennart"]
[Result "1-0"]
[WhiteElo "2267"]
[BlackElo "1720"]
[PlyCount "75"]
[EventDate "2018.07.14"]
[EventType "swiss (rapid)"]
[EventRounds "9"]
[EventCountry "GER"]
[SourceTitle "CBM 185 Extra"]
[Source "ChessBase"]
[SourceDate "2018.07.29"]
[SourceVersion "1"]
[SourceVersionDate "2018.07.29"]
[SourceQuality "1"]

1. d4 Nf6 2. c4 c5 3. d5 g6 4. Nc3 Bg7 5. e4 0-0 6. f4 d6 7. Nf3 Bd7 8. e5 Ne8 9. Bd3 Na6 10. 0-0 Nac7 11. Qe2 Rb8 12. a4 a6 13. a5 b5 14. axb6 Rxb6 15. Ng5 e6 16. dxe6 Nxe6 17. Nd5 Nd4 18. Qe1 dxe5 19. fxe5 Nb3 20. Ne4 Bxe5 21. Bg5 f6 22. Bh6 Rf7 23. Rd1 Bd4+ 24. Kh1 Re6 25. Qh4 Bc6 26. Bc2 Na5 27. Ndc3 Qa8 28. Qh3 Rfe7 29. Nd2 Re3 30. Bxe3 Rxe3 31. Nf3 Nxc4 32. Bb3 Ned6 33. Rde1 Rxe1 34. Rxe1 Bxc3 35. Qe6+ Nf7 36. Bxc4 Bxe1 37. Qxf7+ Kh8 38. Qxf6# 1-0

[Event "Bremen Silvester op"]
[Site "Bremen"]
[Date "2017.12.29"]
[Round "5"]
[White "Bokelmann, Joachim"]
[Black "Seidenstuecker, Hans Lennart"]
[Result "1-0"]
[WhiteElo "1964"]
[BlackElo "1703"]
[PlyCount "119"]
[EventDate "2017.12.27"]
[EventType "swiss"]
[EventRounds "7"]
[EventCountry "GER"]
[SourceTitle "CBM 182 Extra"]
[Source "ChessBase"]
[SourceDate "2018.02.23"]
[SourceVersion "1"]
[SourceVersionDate "2018.02.23"]
[SourceQuality "1"]

1. d4 Nf6 2. Nf3 c5 3. c3 e6 4. Bf4 Be7 5. h3 0-0 6. e3 b6 7. Nbd2 Bb7 8. Bd3 d6 9. 0-0 Nbd7 10. Bh2 Re8 11. a4 a6 12. Qe2 Nf8 13. Rfd1 Ng6 14. Nb3 Bxf3 15. Qxf3 d5 16. Nd2 Bd6 17. Bxd6 Qxd6 18. Qe2 c4 19. Bc2 b5 20. axb5 axb5 21. b4 e5 22. Bxg6 hxg6 23. Nf3 e4 24. Ne5 Nd7 25. Nxd7 Qxd7 26. Qb2 f5 27. Rxa8 Rxa8 28. Ra1 Ra4 29. Rxa4 bxa4 30. b5 a3 31. Qxa3 Qxb5 32. Qa1 Kh7 33. h4 Kh6 34. g3 Qb3 35. Kg2 Kh5 36. Qe1 Qc2 37. Kh3 g5 38. hxg5 Kxg5 39. Kg2 Qb2 40. Kg1 Kf6 41. Kg2 g6 42. Qh1 Qxc3 43. Qh8+ Kf7 44. Qh7+ Kf6 45. Qh8+ Ke7 46. Qe5+ Kf8 47. Qf6+ Ke8 48. Qxg6+ Kd7 49. Qxf5+ Kc6 50. Qe6+ Kc7 51. Qxd5 Qd3 52. Qc5+ Kd8 53. Qd6+ Ke8 54. Qc6+ Kd8 55. d5 Ke7 56. Qc7+ Kf8 57. d6 Qd1 58. Qe7+ Kg8 59. Qxe4 Qxd6 60. Qxc4+ 1-0

[Event "Hannover-chB"]
[Site "Lehrte"]
[Date "2015.10.31"]
[Round "6"]
[White "Rossberg, Jonathan"]
[Black "Seidenstuecker, Hans Lennart"]
[Result "1/2-1/2"]
[WhiteElo "1660"]
[BlackElo "1777"]
[PlyCount "147"]
[EventDate "2015.10.29"]
[EventType "swiss"]
[EventRounds "7"]
[EventCountry "GER"]
[SourceTitle "EXT 2021"]
[Source "ChessBase"]
[SourceDate "2020.10.23"]
[SourceVersion "1"]
[SourceVersionDate "2020.10.23"]
[SourceQuality "1"]

1. d4 Nf6 2. c4 e6 3. Nc3 Bb4 4. e3 0-0 5. Bd3 c5 6. Nge2 Nc6 7. 0-0 b6 8. Qc2 Bb7 9. f3 Rc8 10. Ne4 Nxe4 11. fxe4 Ne7 12. a3 Ba5 13. Rb1 b5 14. dxc5 bxc4 15. Bxc4 Ng6 16. b4 Bc7 17. Bb2 Qh4 18. g3 Qxe4 19. Qxe4 Bxe4 20. Rbd1 d5 21. Bd3 Bxd3 22. Rxd3 Be5 23. Rb3 Bxb2 24. Rxb2 Ne5 25. Rd1 Nc4 26. Rb3 a5 27. e4 dxe4 28. Rd4 Nxa3 29. Rxa3 axb4 30. Rxb4 Rxc5 31. Rxe4 Rb8 32. Rc3 Rf5 33. Rb4 Ra8 34. Rcb3 Ra1+ 35. Rb1 Rxb1+ 36. Rxb1 g5 37. Kg2 g4 38. Rb4 h5 39. Rf4 Rc5 40. Rf2 Kg7 41. Nf4 Rf5 42. Rc2 h4 43. Rc7 e5 44. Ne6+ Kf6 45. Nd8 h3+ 46. Kg1 Kg6 47. Nc6 Kg7 48. Nb4 Rf3 49. Rc4 Rb3 50. Rxg4+ Kf6 51. Rh4 Rb1+ 52. Kf2 Rb2+ 53. Kf3 Rb3+ 54. Ke2 Rb2+ 55. Kd3 Rxh2 56. Nd5+ Ke6 57. Ne3 Rh1 58. Rh6+ Ke7 59. Ke4 h2 60. Kf3 f6 61. g4 Kf7 62. Kg2 Re1 63. Nf1 Re2+ 64. Kg3 Ra2 65. Nxh2 Ra3+ 66. Kg2 Kg7 67. Rh5 Kg6 68. Rf5 Ra4 69. Kf3 Ra3+ 70. Kf2 Ra2+ 71. Kg3 Ra3+ 72. Kh4 e4 73. Rf4 e3 74. Re4 1/2-1/2

[Event "Hannover Ihme Cup"]
[Site "Hannover"]
[Date "2015.05.10"]
[Round "5"]
[White "Braun, Ingram H"]
[Black "Seidenstuecker, Hans Lennart"]
[Result "1-0"]
[WhiteElo "1952"]
[BlackElo "1683"]
[PlyCount "60"]
[EventDate "2015.05.08"]
[EventType "swiss"]
[EventRounds "5"]
[EventCountry "GER"]
[SourceTitle "EXT 2021"]
[Source "ChessBase"]
[SourceDate "2020.10.23"]
[SourceVersion "1"]
[SourceVersionDate "2020.10.23"]
[SourceQuality "1"]

1. e4 c5 2. Nc3 Nc6 3. g3 g6 4. Bg2 Bg7 5. d3 Nf6 6. h3 0-0 7. Be3 d6 8. Nge2 Rb8 9. 0-0 b5 10. Qd2 b4 11. Nd1 a5 12. Bh6 a4 13. Bxg7 Kxg7 14. f4 Na5 15. Ne3 Qb6 16. Kh2 e6 17. Rae1 b3 18. axb3 axb3 19. c4 Qb4 20. Nc3 Nd7 21. f5 exf5 22. Ned5 Qb7 23. exf5 h5 24. Ne4 Nxc4 25. dxc4 Nb6 26. f6+ Kh7 27. Ng5+ Kh8 28. Ne7 Nxc4 29. Nxf7+ Rxf7 30. Qh6+ Rh7 1-0

[Event "Hannover Ihme Cup"]
[Site "Hannover"]
[Date "2015.05.09"]
[Round "2"]
[White "Seidenstuecker, Hans Lennart"]
[Black "Barz, Oliver"]
[Result "1-0"]
[WhiteElo "1683"]
[BlackElo "1958"]
[PlyCount "117"]
[EventDate "2015.05.08"]
[EventType "swiss"]
[EventRounds "5"]
[EventCountry "GER"]
[SourceTitle "EXT 2021"]
[Source "ChessBase"]
[SourceDate "2020.10.23"]
[SourceVersion "1"]
[SourceVersionDate "2020.10.23"]
[SourceQuality "1"]

1. e3 d5 2. c4 Nf6 3. Nf3 e6 4. Nc3 Be7 5. b3 0-0 6. d4 Ne4 7. Nxe4 dxe4 8. Nd2 f5 9. Be2 c5 10. dxc5 Bxc5 11. 0-0 Qg5 12. a3 a5 13. b4 axb4 14. Nb3 Be7 15. c5 Nc6 16. a4 Na5 17. Nxa5 Rxa5 18. Qb3 Bxc5 19. Bc4 Qe7 20. Rd1 Rf6 21. Bb2 Rg6 22. Bd4 b6 23. Ra2 Bd7 24. Be5 Ra7 25. Bb8 Ra8 26. Bg3 h5 27. Qc2 Be8 28. Bb3 Qg5 29. h4 Qe7 30. Qe2 Rg4 31. Rad2 Ra7 32. Rd8 Rd7 33. R1xd7 Qxd7 34. Rxd7 Bxd7 35. Qd2 Bxa4 36. Bxe6+ Kh7 37. Bxf5+ g6 38. Bxg4 hxg4 39. Qa2 Be8 40. Qa7+ Kg8 41. Be5 Bf8 42. Qxb6 Be7 43. Qe6+ Kf8 44. Bg7+ Kxg7 45. Qxe7+ Bf7 46. Qxb4 g3 47. Qb7 gxf2+ 48. Kxf2 Kf6 49. Qxe4 Bg8 50. Qf4+ Kg7 51. g4 Kh7 52. g5 Kh8 53. Qf6+ Kh7 54. h5 Bf7 55. Qxf7+ Kh8 56. Qe8+ Kg7 57. h6+ Kh7 58. Qf7+ Kh8 59. Qg7# 1-0

[Event "Hannover-chA"]
[Site "Lehrte"]
[Date "2014.10.28"]
[Round "7"]
[White "Tenninger, Joerg"]
[Black "Seidenstuecker, Hans Lennart"]
[Result "0-1"]
[WhiteElo "1576"]
[BlackElo "1341"]
[PlyCount "68"]
[EventDate "2014.10.25"]
[EventType "swiss"]
[EventRounds "7"]
[EventCountry "GER"]
[SourceTitle "EXT 2021"]
[Source "ChessBase"]
[SourceDate "2020.10.23"]
[SourceVersion "1"]
[SourceVersionDate "2020.10.23"]
[SourceQuality "1"]

1. d4 Nf6 2. c4 e6 3. Nc3 Bb4 4. a3 Bxc3+ 5. bxc3 c5 6. Nf3 0-0 7. e3 d6 8. Bd3 Nc6 9. Qc2 b6 10. 0-0 Ba6 11. Rd1 Na5 12. Qa2 Rc8 13. d5 exd5 14. cxd5 Bxd3 15. Rxd3 c4 16. Rd4 Nb3 17. Rd1 Nxa1 18. Qxa1 Rc5 19. a4 Rxd5 20. Ba3 Re8 21. Nd4 Ne4 22. Qb2 Qd7 23. Ra1 Nc5 24. a5 Nd3 25. Qa2 b5 26. Rb1 a6 27. Qd2 h6 28. f3 Rde5 29. e4 d5 30. Rf1 dxe4 31. fxe4 Rxe4 32. Nf3 Qa7+ 33. Kh1 Nf2+ 34. Qxf2 Qxf2 0-1

[Event "Hannover-chA"]
[Site "Lehrte"]
[Date "2012.10.22"]
[Round "6"]
[White "Schmidt, Frederik"]
[Black "Seidenstuecker, Hans Lennart"]
[Result "0-1"]
[WhiteElo "858"]
[BlackElo "1365"]
[PlyCount "74"]
[EventDate "2012.10.20"]
[EventType "swiss"]
[EventRounds "7"]
[EventCountry "GER"]
[SourceTitle "EXT 2021"]
[Source "ChessBase"]
[SourceDate "2020.10.23"]
[SourceVersion "1"]
[SourceVersionDate "2020.10.23"]
[SourceQuality "1"]

1. e4 c5 2. c4 Nc6 3. Nc3 g6 4. b3 Bg7 5. Bb2 Nf6 6. Nf3 Nxe4 7. Qc2 Nf6 8. Nd5 e6 9. Nxf6+ Bxf6 10. Bxf6 Qxf6 11. Rd1 0-0 12. Be2 Nb4 13. Qc3 Qxc3 14. dxc3 Nxa2 15. Rd2 Nxc3 16. 0-0 Nxe2+ 17. Rxe2 d5 18. cxd5 exd5 19. Rfe1 Be6 20. Ng5 Bf5 21. h3 h6 22. g4 Bxg4 23. hxg4 hxg5 24. Re5 d4 25. Rxg5 b6 26. Rd5 Rad8 27. Ree5 Rfe8 28. Rxe8+ Rxe8 29. Kg2 Re1 30. Rd8+ Kg7 31. f4 Re2+ 32. Kf1 Rb2 33. Ra8 Rxb3 34. Rxa7 d3 35. Ra2 c4 36. Ke1 c3 37. Kd1 Rb1# 0-1